000 01759nam a2200217 4500
005 20260312141631.0
008 260310b |||||||| |||| 00| 0 eng d
020 _a9780470414385
041 _aEnglish
082 _a333.7
_bBOT
100 _aBotkin Daniel B.
_9217127
245 _aEnvironmental Science: Earth as a Living Planet
250 _a7th
260 _aAsia
_bJohn Wiley & Sons, INC.
_c2010
300 _a665
365 _b391.30
521 _aChapter 1 Introduction to Environmental Science Chapter 2 The Scientific Method and Environmental Sciences Chapter 3 How to Think About Complex Systems Chapter 4 Introduction to Populations and to the Human Population Chapter 5 The Chemistry of Life Chapter 6 Ecosystem: The Unit that Sustains Life Chapter 7 Diversity of Life Chapter 8 Biomes Chapter 9 Ecological Energy Flow Chapter 10 Restoring Damaged Ecosystems Chapter 11 The Ecology of Food Production Chapter 12 Farming and the Environment Chapter 13 Forests and the Environment Chapter 14 Wildlife and the Environment Chapter 15 How the Environment Affects our Health Chapter 16 Chance and Catastrophes Chapter 17 Energy Concepts Important in Environmental Science Chapter 18 Oil, Natural Gas, and Coal Chapter 19 Wind, Solar, and Other New Sources of Energy Chapter 20 Nuclear Power Chapter 21 How We Obtain and Use Water Chapter 22 How We Pollute and Clean the Water Chapter 23 Global Warming Chapter 24 Air Pollution Chapter 25 The Air We Breathe Indoors Chapter 26 Mining and Environment Chapter 27 Environmental Economics Chapter 28 Cities as Environment Chapter 29 Treating Wastes
650 _aEnvironment
_9217128
700 _aKeller Edward A.
_9217129
942 _cBK
999 _c370641
_d370641